Распоряжение ГКО СССР № 5423 с об устранении конструктивных недостатков в опытных дистанционных тахометрах и проведении их полиг...

RUSMARC
00005281cam0a2200337#x 450
0014130d359-cfe6-4dee-b831-ba30823c6fc5
00520250929124951.0
100##$a20250929j19440320k###0rusy50 ca
1010#$arus
102##$aRU
105##$ay###z########
1220#$ad19440320##
2001#$aРаспоряжение ГКО СССР № 5423 с об устранении конструктивных недостатков в опытных дистанционных тахометрах и проведении их полигонных испытаний
$j20 марта 1944 г.
251##$cДокумент
300##$aРассылочный и подлинный экземпляры
461#0$12001
$aФ. 644
$1251
$cФонд
$1852
$j644
462#0$12001
$aОп. 1
$1251
$cОпись
$1852
$j1
60101$2nlr_sh
$3RU\NLR\AUTH\6601614128
$aСССР
$bГосударственный Комитет Обороны
$xИстория
$z1941 - 1945
$jДокументы и материалы
605##$2prlib_sh
$3LIBNET\UAF\0000088514
$aВторая мировая война в архивных документах (Комплекс оцифрованных архивных документов, кино- и фотоматериалов)
$lколлекция
605##$2acquisition_Prlib
$3DITM\AF\0000002775
$aВласть
$lколлекция
6061#$2nlr_sh
$3RU\NLR\AUTH\661280795
$aВеликая Отечественная война
$z1941 - 1945
$xТыл(воен.)
$jДокументы и материалы
6061#$2nlr_sh
$3RU\NLR\AUTH\661520862
$aТанкостроение
$xИстория
$yСССР
$z1941 - 1945
$jДокументы и материалы
686##$a63.3(2)622-2ю1
$vLBC/M
$2rubbk
686##$a65.03(2)622ю1
$vLBC/M
$2rubbk
686##$a65.305.04-03ю1
$vLBC/M
$2rubbk
686##$a68.513.14-1(2)ю1
$vLBC/M
$2rubbk
801#0$aRU
$bПБ им. Б.Н. Ельцина
$c20250929
801#1$aRU
$bПБ им. Б.Н. Ельцина
$c20250929
$2rusmarc
801#2$aRU
$bПБ им. Б.Н. Ельцина
$c20250929
$2rusmarc
850##$aРоссийский государственный архив социально-политической истории
852##$aРГАСПИ
$jД. 219. Л. 83-83об.; Оп. 2. Д. 296. Л. 67-67об.
035##$aLIBNET\0001501066
937##$d197695646
$hФедеральное архивное агентство
8564#$uhttp://readingroom.main.prlib.ru/item.aspx?id_node=n197695646&mode=full
Формат отображения